Training Success (Record no. 93641)

MARC details
000 -LEADER
fixed length control field 00610nam a2200205Ia 4500
005 - DATE AND TIME OF LATEST TRANSACTION
control field 20230430092426.0
008 - FIXED-LENGTH DATA ELEMENTS--GENERAL INFORMATION
fixed length control field 230125s9999 xx 000 0 und d
020 ## - INTERNATIONAL STANDARD BOOK NUMBER
International Standard Book Number 9788178815879
041 ## - LANGUAGE CODE
Language code of text/sound track or separate title eng
082 ## - DEWEY DECIMAL CLASSIFICATION NUMBER
Classification number 658.3124
Item number PAT
100 ## - MAIN ENTRY--PERSONAL NAME
Author Patrick Low Kim Cheng
245 ## - TITLE STATEMENT
Title Training Success
Remainder of title Understanding the learning and Training Essentials
250 ## - EDITION STATEMENT
Edition statement 1st Ed.
260 ## - PUBLICATION, DISTRIBUTION, ETC.
Date of publication, distribution, etc. 2005
Name of publisher, distributor, etc. ICFAI publication
Place of publication, distribution, etc. Hyderabad
300 ## - PHYSICAL DESCRIPTION
Extent 120p
500 ## - GENERAL NOTE
Keywords ICFAI Series Book<br/>
650 ## - SUBJECT ADDED ENTRY--TOPICAL TERM
Topical term or geographic name entry element ICFAI Series Book
700 ## - ADDED ENTRY--PERSONAL NAME
Personal name Patrick Low Kim Cheng & Abhyankar M W, Donor
942 ## - ADDED ENTRY ELEMENTS (KOHA)
Koha item type Books
Holdings
Withdrawn status Lost status Damaged status Not for loan Home library Current library Date acquired Vendor Net Price Full call number Barcode Date last seen Actual Price Bill Date Koha item type Original Barcode
        Smt. Hiraben Nanavati Institute of Management & Research for Women Smt. Hiraben Nanavati Institute of Management & Research for Women 18/06/2015 Donated Book- Outside Donar 1.00 658.3124 PAT DB2022 HIMR-DB-2022 25/01/2023 1.00 25/01/2023 Donated Book DB2022